000 00359nam a22001457a 4500
003 SGT
020 _a8189635018
082 _a212.1,SIN
100 _aDR SINGH T.D.
245 _aGOD INTELLIGENT DESIGN & FINE TUNING
260 _aKOLKATA
_bBHAKTIVEDANTA INSTITUTE
_c2015
300 _a58
650 _a Philosophy and theory of religion
942 _2ddc
_cBK
999 _c23403
_d23403